| 000 | 00437nam a2200157Ia 4500 | ||
|---|---|---|---|
| 008 | 210310s9999 xx 000 0 und d | ||
| 020 | _a#N/A | ||
| 100 |
_aCuéllar, María Mercedes _912620 |
||
| 245 | 0 | _a¿A la Vivienda Quien la Ronda? Situación y Perspectivas de la Política de Vivienda en Colombia Tomo I | |
| 260 | _c2006 | ||
| 300 | _b#N/A | ||
| 440 |
_a#N/A _920626 |
||
| 500 | _a#N/A | ||
| 505 | _a#N/A | ||
| 650 |
_a#N/A _920627 |
||
| 999 |
_c9631 _d9631 |
||